المتحكمات المنطقية المبرمجة PLCS / (رقم التسجيلة. 247994)
[ عرض عادي ]
| 000 -الفاتح | |
|---|---|
| عناصر البيانات ثابتة الطول | 00876nam a22002537i 4500 |
| 005 - تاريخ ووقت آخر معاملة | |
| حقل ضبط | 20260310123324.0 |
| 008 - عناصر البيانات ثابتة الطول | |
| عناصر البيانات ثابتة الطول | 250906s |||||||gr|||| 00| 0 ara d |
| 020 ## - الترقيم الدولي المعياري للكتب (ردمك) | |
| الترقيم الدولي المعياري للكتب (ردمك) | 9789933132224 |
| 040 ## - مصدر الفهرسة | |
| هيئة الفهرسة الأصلية | JO-AmGAM |
| قواعد الوصف | rda |
| 041 0# - كود اللغة | |
| كود اللغة لنص/مسار صوت أو عنوان منفصل | ara |
| كود اللغة للأصل | und |
| 082 14 - رقم تصنيف ديوي العشري | |
| رقم التصنيف | 005.4 |
| رقم المادة | ب و ل |
| 100 1# - مدخل رئيسي – اسم شخصي | |
| الاسم الشخصي | بولتن، و |
| علاقة الشخص بالعمل/ دوره | مؤلف. |
| 245 12 - بيان العنوان | |
| العنوان | المتحكمات المنطقية المبرمجة PLCS / |
| بيان المسؤولية | و. بولتن ؛ ترجمة المهندس محمد شيخو معمو. |
| 264 31 - بيانات النشر، التوزيع…إلخ | |
| مكان النشر، التوزيع...إلخ | حلب : |
| اسم الناشر، الموزع...إلخ | شعاع للنشر والتوزيع، |
| تاريخ النشر، التوزيع...إلخ | 2020. |
| 300 ## - الوصف المادي | |
| عدد الوحدات المكونة للوعاء | 485 صفحة. |
| 336 ## - نوع المحتوى | |
| المصدر | rdacontent |
| مصطلح نوع المحتوى | نص |
| كود نوع المحتوى | txt |
| 337 ## - نوع الوسيط | |
| المصدر | rdamedia |
| مصطلح نوع الوسيط | دون وسيط عرض |
| كود نوع الوسيط | n |
| 338 ## - نوع الحامل | |
| المصدر | rdacarrier |
| مصطلح نوع الحامل | مجلد |
| كود نوع الحامل | nc |
| 650 17 - مدخل إضافي بالموضوع - مصطلح موضوعي | |
| مصطلح موضوعي أو اسم جغرافي كعنصر مدخل | البرمجيات. |
| 650 17 - مدخل إضافي بالموضوع - مصطلح موضوعي | |
| مصطلح موضوعي أو اسم جغرافي كعنصر مدخل | برمجة الحاسوب. |
| 700 1# - مدخل إضافي - اسم شخصي | |
| الاسم الشخصي | معمو، محمد شيخو |
| علاقة الشخص بالعمل/ دوره | مترجم. |
| 942 ## - بيانات إضافية (كوها) | |
| نوع التنصيف | Dewey Decimal Classification |
| نوع المادة (كوها) | كتب |
| حالة السحب | حالة الفقدان | مصدر التصنيف | حالة التلف | غير قابل للإعارة | المكتبة الرئيسية | المكتبة الحالية | موقع الرف | تاريخ التزويد | مصدر التزويد | العملة | التكلفة، سعر الشراء العادي | الرقم المتسلسل | Total Checkouts | رقم الإستدعاء | الباركود | تاريخ آخر ظهور | التكلفة وسعر الاستبدال | تاريخ الفاتورة | نوع المادة (كوها) |
|---|---|---|---|---|---|---|---|---|---|---|---|---|---|---|---|---|---|---|---|
| Dewey Decimal Classification | المكتبة المركزية | المكتبة المركزية | الإعارة | 04/03/2026 | 100 | JOD | 15.00 | 1800704 | 005.4 / ب و ل | PLD00930451 | 04/03/2026 | 15.00 | 04/03/2026 | كتب | |||||
| Dewey Decimal Classification | مكتبة أم قصير والمقابلين العامة | مكتبة أم قصير والمقابلين العامة | الإعارة | 04/03/2026 | 100 | JOD | 15.00 | 1800708 | 005.4 / ب و ل | PLD00930455 | 04/03/2026 | 15.00 | 04/03/2026 | كتب | |||||
| Dewey Decimal Classification | مكتبة الأميرة ايمان العامة | مكتبة الأميرة ايمان العامة | الإعارة | 04/03/2026 | 100 | JOD | 15.00 | 1800705 | 005.4 / ب و ل | PLD00930452 | 04/03/2026 | 15.00 | 04/03/2026 | كتب | |||||
| Dewey Decimal Classification | مكتبة الاميرة بديعة | مكتبة الاميرة بديعة | الإعارة | 04/03/2026 | 100 | JOD | 15.00 | 1800709 | 005.4 / ب و ل | PLD00930456 | 04/03/2026 | 15.00 | 04/03/2026 | كتب | |||||
| Dewey Decimal Classification | مكتبة صويلح العامة | مكتبة صويلح العامة | الإعارة | 04/03/2026 | 100 | JOD | 15.00 | 1800707 | 005.4 / ب و ل | PLD00930454 | 04/03/2026 | 15.00 | 04/03/2026 | كتب | |||||
| Dewey Decimal Classification | مكتبة وادي السير العامة | مكتبة وادي السير العامة | الإعارة | 04/03/2026 | 100 | JOD | 15.00 | 1800706 | 005.4 / ب و ل | PLD00930453 | 04/03/2026 | 15.00 | 04/03/2026 | كتب |